000 00634nam a2200193Ia 4500
008 240925s9999 xx 000 0 und d
020 _a9781780226583
082 _a371.8220954 YOU
100 _aYousafzai, Malala
245 0 _aI am Malala: the girl who stood up for education and was shot by the Taliban
250 _aNA
260 _aLondon:
_bWeidenfeld and Nicolson
_c2013
300 _a293p.
_bNA
_fNA
500 _aIncludes Index
600 _aSocial Sciences
650 _aSocial Sciences
856 _uhttps://drive.google.com/file/d/1Jkm4TQaagz7JDqs1eo9ZkOLWOS6LIOKH/view?usp=sharing
_yClick here for PDF
942 _cBK
999 _c18236
_d18236